000 02463cam a2200649 4500
001 21456
003 VRT
005 20260302124000.0
008 210906s2018 xr a crhn 000 1cslo
015 _aSNBZSA2021/05
020 _a9788025511039
_q(viazané)
035 _aurn:nbn:sk:snk-am00fh55
035 _aurn:nbn:sk:snk-am3iv1q
035 _a08DAE687-C246-47D5-96F9-09C97F85EC26
039 9 _a202109061608
_bVLOAD
_c202108271611
_dVLOAD
_c202105101309
_dmsnk167
_c202101141433
_dmsnk11
040 _aTTKJF
_bslo
_cTTKJF
_dSNK
_erda
041 1 _aslo
_kcze
_hita
044 _axr
_cCZ
072 7 _a929
_xBiografie
_2konspekt
080 _a929-055.1
_22011
080 _a929-058.1
_22011
080 _a(0:82-322.6)
_22011
080 _a(092)
_22011
100 1 _aOlivieri, Jacopo
_4aut
245 1 0 _a20 výnimočných chlapcov, ktorí zmenili svet
_ctext: Jacopo Olivieri, Rosalba Troiano ; ilustrácie: Giovanni Abeille, Elisa Bellotti, Letizia Depedri, Chiara Lamieri ; preklad: Irena Šifaldová
246 3 _aDvadsať výnimočných chlapcov, ktorí zmenili svet
250 _a1. vydanie
264 1 _aPraha
_bRebo International
_c2018
300 _a88 strán
_bilustrácie
_c27 cm
336 _atext
_btxt
_2rdacontent
336 _astatický obraz
_bsti
_2rdacontent
337 _abez média
_bn
_2rdamedia
338 _azväzok
_bnc
_2rdacarrier
490 1 _aNeobyčajné príbehy
500 _aJazyk originálu pravdepodobne taliančina
500 _aPravdepodobne preložené z českého prekladu talianskeho originálu
504 _aObsahuje bibliografiu na strane 87
650 0 7 _avýznamní muži
_2SNKPH
650 0 7 _aosobnosti
_2SNKPH
650 0 7 _aNotable men
_2SNKPHeng
650 0 7 _aCelebrities
_2SNKPHeng
655 7 _abiografické príbehy
_2SNKPH
655 7 _abiografie
_2SNKPH
655 7 _aBiographical stories
_2SNKPHeng
655 7 _aBiography
_2SNKPHeng
700 1 _aTroiano, Rosalba
_4aut
700 1 _aAbeille, Giovanni
_4ill
700 1 _aBellotti, Elisa
_4ill
700 1 _aDepedri, Letizia
_4ill
700 1 _aLamieri, Chiara
_4ill
700 1 _aŠifaldová, Irena
_4trl
830 0 _aNeobyčajné príbehy
910 _asnk
942 _2ddc
_cKLDE
_n0
949 _6273K0666684
_asvkpoC 62123
_bsvkpo658536
_pDotlač 1. vydania 2020
949 _617A1446434
_asnkSB 96247
_bsnk2021/98
_oVydavatelství a nakladatelství Aleš Čeněk27-ah/3Int. č. fa – 77/2019
_pDotlač 1. vydania 2019
_s6100:20210225
999 _c21456
_d21456